|
|
|
|
| LEADER |
00000cam a22000004a 4500 |
| 001 |
musev2_78672 |
| 003 |
MdBmJHUP |
| 005 |
20230905052120.0 |
| 006 |
m o d |
| 007 |
cr||||||||nn|n |
| 008 |
170427t20172017enk o 00 0 eng d |
| 010 |
|
|
|z 2017275126
|
| 020 |
|
|
|a 9781526109453
|
| 020 |
|
|
|z 152610945X
|
| 020 |
|
|
|z 9780719099144
|
| 035 |
|
|
|a (OCoLC)969740191
|
| 040 |
|
|
|a MdBmJHUP
|c MdBmJHUP
|
| 043 |
|
|
|a e-uk---
|
| 082 |
0 |
|
|a 320.94109/044
|2 23
|
| 100 |
1 |
|
|a Lomas, Daniel W.B.,
|e author.
|
| 245 |
1 |
0 |
|a Intelligence, security and the Attlee governments, 1945-51 :
|b An uneasy relationship? /
|c Daniel Lomas.
|
| 264 |
|
1 |
|a Manchester :
|b Manchester University Press,
|c 2017.
|
| 264 |
|
3 |
|a Baltimore, Md. :
|b Project MUSE,
|c 2020
|
| 264 |
|
4 |
|c ©2017.
|
| 300 |
|
|
|a 1 online resource (288 pages):
|b illustrations ;
|
| 336 |
|
|
|a text
|b txt
|2 rdacontent
|
| 337 |
|
|
|a computer
|b c
|2 rdamedia
|
| 338 |
|
|
|a online resource
|b cr
|2 rdacarrier
|
| 504 |
|
|
|a Includes bibliographical references (pages 270-282) and index.
|
| 505 |
0 |
|
|a Wartime apprenticeship: labour and intelligence during the Second World War -- Lacking intelligence? British intelligence, ministers and the Soviet Union -- The Cold War heats up: propaganda and subversion, 1945-48 -- Britain's secret Cold War offensive: ministers, subversion and special operations, 1948-51 -- The special relationship? Ministers, atomic espionage and Anglo-American relations -- Defending the realm: Labour ministers, vetting and subversion -- Empire, Commonwealth and security -- Conclusion: intelligence and the Labour governments, 1945-51.
|
| 588 |
|
|
|a Description based on print version record.
|
| 600 |
1 |
7 |
|a Attlee, C. R.
|q (Clement Richard),
|d 1883-1967.
|2 fast
|0 (OCoLC)fst00090913
|
| 600 |
1 |
0 |
|a Attlee, C. R.
|q (Clement Richard),
|d 1883-1967.
|
| 650 |
|
7 |
|a Politics and government.
|2 fast
|0 (OCoLC)fst01919741
|
| 650 |
|
7 |
|a Intelligence service.
|2 fast
|0 (OCoLC)fst00975848
|
| 650 |
|
7 |
|a Diplomatic relations.
|2 fast
|0 (OCoLC)fst01907412
|
| 650 |
|
0 |
|a Intelligence service
|z Great Britain
|x History
|y 20th century.
|
| 650 |
|
0 |
|a Cold War.
|
| 651 |
|
7 |
|a Great Britain.
|2 fast
|0 (OCoLC)fst01204623
|
| 651 |
|
0 |
|a Great Britain
|x Foreign relations
|y 1945-1964.
|
| 651 |
|
0 |
|a Great Britain
|x Politics and government
|y 1945-1964.
|
| 611 |
2 |
7 |
|a Cold War (1945-1989)
|2 fast
|0 (OCoLC)fst01754978
|
| 648 |
|
7 |
|a 1900-1999
|2 fast
|
| 655 |
|
7 |
|a History.
|2 fast
|0 (OCoLC)fst01411628
|
| 655 |
|
7 |
|a Electronic books.
|2 local
|
| 710 |
2 |
|
|a Project Muse.
|e distributor
|
| 830 |
|
0 |
|a Book collections on Project MUSE.
|
| 856 |
4 |
0 |
|z Texto completo
|u https://projectmuse.uam.elogim.com/book/78672/
|
| 945 |
|
|
|a Project MUSE - Custom Collection
|